00537cam a22002171 4500001001300000003000400013005001700017008004100034010001700075035002000092040001800112042001200130050001600142100002700158245003200185260001100217300004800228500001500276650001100291999001700302sa 68006525 DLC20260227112517.0890514s1967 xx 000 0 urdo  asa 68006525  a(OCoLC)23543054 aDLCcMiUdDLC apremarc00aBP165b.A370 aAhmad Said,d1887-195910aTaqārīr al-saʻīdain. c[1967] a144 p.b(p. 132-144 advertisements)c19 cm. aRomanized. 0aIslam. c81360d81360